| 000 | 00863nam a2200277 a 4500 | ||
|---|---|---|---|
| 001 | 69918 | ||
| 003 | BD-RjUL | ||
| 005 | 20211209081937.0 | ||
| 008 | 170415s1965 enkab b 001 0 eng | ||
| 035 | _a(BD-RjUL)70130 | ||
| 040 |
_aDLC _cDLC _dBD-RjUL _beng |
||
| 041 | _aeng | ||
| 082 | 0 | 0 |
_a919.4 _223 _bMOA 1965 |
| 100 | 1 |
_aMoney, D. C. _9207080 |
|
| 245 | 1 | 0 |
_aAustralia and New Zealand / _cby D. C. Money. |
| 250 | _a3rd ed. | ||
| 260 |
_aLondon : _bUniversity Tutorial Press, _c1965 |
||
| 300 |
_axii, 460, [21] p. : _bill. ; _c22 cm. |
||
| 490 |
_aAdvanced level geography series, _vbook 1 |
||
| 500 | _aMap on lining papers. | ||
| 504 | _aIncludes bibliographies. | ||
| 651 | 0 |
_aAustralia _xGeography. _9206157 |
|
| 651 | 0 |
_aAustralia _xDescription and travel. _9208713 |
|
| 651 | 0 |
_aNew Zealand _xDescription and travel. _9207081 |
|
| 942 |
_2ddc _cBK |
||
| 999 |
_c69918 _d69918 |
||